| 000 | 00731nam a22001817a 4500 | ||
|---|---|---|---|
| 005 | 20230912161821.0 | ||
| 010 | _aHIN-125933 | ||
| 020 |
_a9789381930205 _c300.00 |
||
| 035 | _aHN-98279 | ||
| 037 | _bDBAD/PUB | ||
| 082 | _aउ | ||
| 100 |
_aचटटोपाध्याय ,शरतचन्द्र _956471 |
||
| 245 |
_aदेवदास / _cशरतचन्द्र चटटोपाध्याय _b |
||
| 260 |
_a दिल्ली , _bकार्तिक प्रकाशक _c2019 |
||
| 270 |
_aबी-89, गली न. -9, पश्चिमी करावल नगर _bदिल्ली _e110090 |
||
| 300 |
_a95p. _c22cm(सजिल्द ) |
||
| 942 |
_2ddc _cHN _hउ _kचटटो |
||
| 999 |
_c198046 _d198046 |
||